00897nab a22001937a 4500003000400000005001700004008004100021040000700062100003200069245009200101260007300193300001500266500003600281505011900317505008200436650001800518650001900536773014800555OSt20251219092134.0190429b xxu||||| |||| 00| 0 spa d cPJ aColanzi Zeballos, Alejandro10aCriminología y libertad : b¿casualidad o causalidad? /cAlejandro Colanzi Zeballos. cCiudad Autónoma de Buenos Aires :aThomson Reuters La Ley, b2025. ap. 231-236 aCita: TR LALEY AR/DOC/720/2025. aSumario: I. Introducción.— II. Antecedentes.— III. Planteamiento.— IV. Conclusiones.— V. Bibliografía. tSi te interesa el texto completo, solicitalo a koha@justierradelfuego.gov.ar  0aDERECHO PENAL 0aCRIMINOLOGÍA0 02658tRevista de derecho penal y criminología. Nº 4 - Mayo 2025dCiudad Autónoma de Buenos Aires : Thomson Reuters La Ley, 2017-x00347914